Les plus grandes villes du massif jurassien - Statistiques

Statistiques générales
  • Ce quiz a été pris 62 fois
  • Le résultat moyen est 7 sur 16
Statistiques - réponses
rang ville population % Correct
1 Besançon 119 198
88%
6 Lons-le-Saunier 17 043
83%
3 Montbéliard 25 573
75%
5 Pontarlier 17 849
75%
15 Saint-Claude 8 727
71%
2 Belfort 45 155
69%
4 Oyonnax 22 392
54%
16 Champagnole 8 048
50%
11 Gex 13 078
46%
10 Audincourt 13 944
27%
7 Valserhône 16 295
21%
13 Divonne-les-Bains 10 137
19%
14 Belley 9 239
17%
8 Ambérieu-en-Bugey 14 854
15%
12 Valentigney 10 765
15%
9 Saint-Genis-Pouilly 14 558
10%
Aucun quiz correspondant
Distribution des résultats
% des personnes avec chaque résultat
Percentile par nombre de réponses
Votre historique - résultats
Vous n’avez pas pris ce quiz